[Event "Pontevedra op-B 10th"]
[Site "Pontevedra"]
[Date "2022.07.25"]
[Round "3.7"]
[White "Garcia Hernandez, Angel"]
[Black "Gomez Carreno, Laura"]
[Result "1-0"]
[WhiteElo "1900"]
[BlackElo "1412"]
[PlyCount "67"]
[EventDate "2022.07.24"]
[EventType "swiss"]
[EventRounds "9"]
[EventCountry "ESP"]
[SourceTitle "EXT 2023"]
[Source "ChessBase"]
[SourceDate "2022.10.05"]
[SourceVersion "1"]
[SourceVersionDate "2022.10.05"]
[SourceQuality "1"]

1. d4 c5 2. d5 e5 3. c4 d6 4. Nc3 Be7 5. h3 Bg5 6. e3 Ne7 7. Ne4 Nf5 8. g4 Nh4 9. Qa4+ Kf8 10. Bd2 f5 11. gxf5 Bxf5 12. Nxg5 Qxg5 13. e4 Ng2+ 14. Kd1 Qh5+ 15. Be2 Qh4 16. exf5 Qxf2 17. Qc2 Nd7 18. Qe4 Nf6 19. Qf3 Qxf3 20. Nxf3 e4 21. Ng5 g6 22. Rg1 Nh4 23. fxg6 Nxg6 24. Rf1 Ke7 25. Bc3 Rhf8 26. Bxf6+ Rxf6 27. Rxf6 Kxf6 28. Nxe4+ Ke7 29. Kd2 Rf8 30. Rf1 Rg8 31. Rf6 Rd8 32. Re6+ Kf8 33. Bh5 Ne5 34. Kc3 1-0

[Event "Pontevedra op-B 10th"]
[Site "Pontevedra"]
[Date "2022.07.25"]
[Round "2.12"]
[White "Gomez Carreno, Laura"]
[Black "Giraldo Gerrero, Laureano"]
[Result "1-0"]
[WhiteElo "1412"]
[BlackElo "1691"]
[PlyCount "109"]
[EventDate "2022.07.24"]
[EventType "swiss"]
[EventRounds "9"]
[EventCountry "ESP"]
[SourceTitle "EXT 2023"]
[Source "ChessBase"]
[SourceDate "2022.10.05"]
[SourceVersion "1"]
[SourceVersionDate "2022.10.05"]
[SourceQuality "1"]

1. e4 c5 2. b3 Nc6 3. Bb2 e6 4. Bb5 Nf6 5. d3 Qa5+ 6. Nc3 Nd4 7. a4 a6 8. Bc4 d5 9. Bb5+ Bd7 10. Bxd7+ Nxd7 11. exd5 exd5 12. Nge2 Be7 13. 0-0 Nf6 14. Nxd4 cxd4 15. Ne2 0-0 16. Nxd4 Bb4 17. Nf5 Bc3 18. Bxc3 Qxc3 19. Re1 Rfe8 20. Re3 Rxe3 21. Nxe3 Re8 22. Rc1 b5 23. axb5 axb5 24. h3 h6 25. Nf5 Re6 26. Qf3 Qb2 27. Rf1 Kh7 28. Qg3 Ne8 29. Qf4 Qf6 30. Qf3 Re5 31. Ng3 Qe6 32. d4 Rg5 33. Qd3+ g6 34. Qxb5 h5 35. Qe2 Qc8 36. Re1 Nf6 37. Qe7 Kg7 38. Qe3 Nh7 39. f4 Rxg3 40. Qxg3 Qxc2 41. f5 Qd2 42. Qe5+ Nf6 43. fxg6 Kxg6 44. Rf1 Ne4 45. Qf5+ Kh6 46. Qf4+ Qxf4 47. Rxf4 Kg6 48. Rxe4 dxe4 49. Kf2 f5 50. Ke3 h4 51. Kf4 Kf6 52. g4 fxg4 53. Kxg4 Ke6 54. Kf4 Kd5 55. Ke3 1-0

[Event "Pontevedra U1600 op 1st"]
[Site "Pontevedra"]
[Date "2017.07.01"]
[Round "4.6"]
[White "Gonzalez Quintela, Francisco"]
[Black "Gomez Carreno, Laura"]
[Result "0-1"]
[WhiteElo "1399"]
[BlackElo "1118"]
[PlyCount "26"]
[EventDate "2017.07.01"]
[EventType "swiss"]
[EventRounds "6"]
[EventCountry "ESP"]
[SourceTitle "EXT 2024"]
[Source "ChessBase"]
[SourceDate "2023.10.10"]
[SourceVersion "1"]
[SourceVersionDate "2023.10.10"]
[SourceQuality "1"]

1. e4 d5 2. exd5 Qxd5 3. d4 c6 4. Nc3 Qa5 5. Bd2 Qc7 6. Qe2 Nf6 7. 0-0-0 Bg4 8. f3 Bh5 9. g4 Bg6 10. h4 h5 11. g5 Nd5 12. Nxd5 cxd5 13. Nh3 Qxc2# 0-1

[Event "Famalicao op 4th"]
[Site "Famalicao"]
[Date "2016.08.01"]
[Round "3"]
[White "Mendes, Antonio"]
[Black "Gomez Carreno, Laura"]
[Result "1-0"]
[WhiteElo "1510"]
[BlackElo "1035"]
[PlyCount "111"]
[EventDate "2016.07.30"]
[EventType "swiss"]
[EventRounds "7"]
[EventCountry "POR"]
[SourceTitle "CBM 173 Extra"]
[Source "ChessBase"]
[SourceDate "2016.08.29"]
[SourceVersion "1"]
[SourceVersionDate "2016.08.29"]
[SourceQuality "1"]

1. d4 d5 2. Nf3 b6 3. Bf4 Bb7 4. e3 Nc6 5. c4 e6 6. Nc3 Bb4 7. Be2 Nf6 8. 0-0 0-0 9. h3 Qd7 10. Qc2 Rfd8 11. Ng5 h6 12. Nf3 Bd6 13. Bxd6 Qxd6 14. a3 e5 15. Nb5 Qe7 16. dxe5 Nxe5 17. cxd5 Bxd5 18. Nxe5 Qxe5 19. Nd4 Qe4 20. Qxe4 Nxe4 21. Rfd1 Rd7 22. Bg4 Rdd8 23. Nb5 c6 24. Nc7 Rab8 25. Nxd5 cxd5 26. Rac1 Rb7 27. Bf5 Rbb8 28. Rc7 a5 29. Kf1 g6 30. Bxe4 dxe4 31. Rxd8+ Rxd8 32. Ke2 Kg7 33. Re7 Rd6 34. Rxe4 Rc6 35. Kd2 Rd6+ 36. Rd4 Rc6 37. e4 Kf6 38. f4 Ke6 39. g4 Rd6 40. Kd3 Rc6 41. Kd2 Rd6 42. Rxd6+ Kxd6 43. Kd3 Kc5 44. b3 Kb5 45. Kd4 a4 46. b4 h5 47. Kd5 h4 48. f5 g5 49. e5 Ka6 50. e6 fxe6+ 51. fxe6 b5 52. e7 Kb6 53. e8Q Ka6 54. Kc6 Ka7 55. Qd7+ Ka8 56. Qb7# 1-0

[Event "Famalicao op 4th"]
[Site "Famalicao"]
[Date "2016.07.30"]
[Round "1"]
[White "Gomez Carreno, Laura"]
[Black "Gomez Carreno, Martin"]
[Result "0-1"]
[WhiteElo "1035"]
[BlackElo "1883"]
[PlyCount "52"]
[EventDate "2016.07.30"]
[EventType "swiss"]
[EventRounds "7"]
[EventCountry "POR"]
[SourceTitle "CBM 173 Extra"]
[Source "ChessBase"]
[SourceDate "2016.08.29"]
[SourceVersion "1"]
[SourceVersionDate "2016.08.29"]
[SourceQuality "1"]

1. e4 Nc6 2. Nc3 e6 3. Nf3 Bb4 4. Bb5 Nge7 5. 0-0 0-0 6. d3 a6 7. Bc4 b5 8. Bb3 Bb7 9. Bg5 f6 10. Bd2 Na5 11. Qe2 Nxb3 12. axb3 f5 13. exf5 Nxf5 14. Bg5 Bxf3 15. Qxf3 Qxg5 16. Qe4 Bd6 17. Nxb5 Nh4 18. Nxd6 cxd6 19. Rfd1 d5 20. g3 dxe4 21. dxe4 Rxf2 22. Kxf2 Rf8+ 23. Ke2 Ng2 24. Kd3 Rf3+ 25. Kc4 Qb5+ 26. Kd4 e5# 0-1